000 00787aam a2200289 i 4500
001 768714001
003 CO-MdFUSB
005 20250516100830.0
007 ta
008 250515t1994 b|||| |||| 00| 0 eng d
020 _a1-85049-102-X
040 _cCO-MdFUSB
041 0 _aeng
082 0 4 _223
_a248.2
_bD2551c
100 1 _aDavies, Gwyn (1938-)
_eautor
245 1 0 _aCovenanting with God
_c/ Gwyn Davies
264 1 _bEvangelical Press of Wales,
_a[Lugar de producción no identificado] :
_c[1994]
264 4 _c©1994
300 _a111 páginas
336 _atexto
_btxt
_2rdacontent
337 _2rdamedia
_asin mediación
_bn
338 _2rdacarrier
_avolumen
_bnc
563 _aRústico
650 1 0 _aVida cristiana
_919
942 _cBK
945 _aElías Tolentino
999 _c35635
_d35635